000 00520nam a2200181Ia 4500
005 20250508153121.0
008 008 250505s9999 xx 000 0 eng d
037 _aTextual
040 _aFEDL
_beng
_cFEDL
041 _aeng
_2eng
084 _a301.15, BER
_qFEDL
100 _aBerkowitz Leonard
245 0 _aAggression : A social psychological analysis
260 _aNew York, USA
_bMcGraw-Hill Book Company
_c1962
300 _axv,361p.
942 _cTEXL
_h301.15, BER
999 _c1340783
_d1340783